Áreas clave para la conservación de la Biodiversidad dulceacuicola amenazada en Colombia: (Registro nro. 20158)
[ vista simple ]
| 000 -CABECERA | |
|---|---|
| Campo de control | 01099nam a22002777a 4500 |
| 005 - FECHA Y HORA DE LA ULTIMA TRANSACCION | |
| Campo de control | 20200104041802.0 |
| 008 - ELEMENTOS DE LONGITUD FIJA—INFORMACION GENERAL | |
| Campo de control | 180419b xxu||||| |||| 00| 0 spa d |
| 020 ## - ISBN | |
| ISBN | 9789585418271 |
| 040 ## - FUENTE DE CATALOGACIÓN | |
| Agencia catalogadora original | CO-BoIAVH |
| Agencia transcriptora | CO-BoIAVH |
| 041 ## - IDIOMA | |
| Código de idioma para texto/pista de sonido o título separado | Español |
| 044 ## - PAÍS DE PUBLICACIÓN | |
| País de publicación | Colombia |
| 082 ## - NUMERO DE CLASIFICACION DECIMAL DEWEY | |
| Número de clasificación | 578.76 |
| Número del ítem | L33a |
| 100 ## - ASIENTO PRINCIPAL--NOMBRE PERSONAL | |
| Nombre personal | Lasso, Carlos A. |
| Término relacionado | editor |
| 9 (RLIN) | 242 |
| 245 10 - MENCION DE TITULO | |
| Título | Áreas clave para la conservación de la Biodiversidad dulceacuicola amenazada en Colombia: |
| Parte restante del título | moluscos, cangrejos, peces, tortugas, cocodrilos, aves y mamiferos |
| 260 ## - PUBLICACION, DISTRIBUCION, ETC. (PIE DE IMPRENTA) | |
| Lugar de publicación, distribución, etc. | Bogotá: |
| Nombre del editor, distribuidor, etc. | Instituto de Investigación de Recursos Biológicos Alexander von Humboldt, |
| Fecha de publicación, distribución, etc. | 2017. |
| 300 ## - DESCRIPCION FISICA | |
| Extensión | 353. págiinas |
| Otros detalles físicos | ilustraciones a color |
| Dimensiones | 16.5 x 24cm |
| 490 ## - MENCION DE SERIE | |
| Mención de serie | Serie recursos hidrobiológicos y pesqueros continentales de Colombia; |
| Designación numérica/secuencial del volumen | XVI |
| 650 14 - ASIENTO SECUNDARIO DE MATERIA - TERMINO TEMATICO | |
| Término temático o nombre geográfico como elemento de entrada | Biodiversidad acuatica |
| 9 (RLIN) | 277 |
| 650 14 - ASIENTO SECUNDARIO DE MATERIA - TERMINO TEMATICO | |
| Término temático o nombre geográfico como elemento de entrada | Ambientes acuaticos |
| 9 (RLIN) | 90864 |
| 650 14 - ASIENTO SECUNDARIO DE MATERIA - TERMINO TEMATICO | |
| Término temático o nombre geográfico como elemento de entrada | Biodiversidad acuática |
| 9 (RLIN) | 277 |
| 650 14 - ASIENTO SECUNDARIO DE MATERIA - TERMINO TEMATICO | |
| Término temático o nombre geográfico como elemento de entrada | Ictiología |
| 9 (RLIN) | 11437 |
| 650 14 - ASIENTO SECUNDARIO DE MATERIA - TERMINO TEMATICO | |
| Término temático o nombre geográfico como elemento de entrada | Especies amenazadas |
| 9 (RLIN) | 157 |
| 700 ## - ASIENTO SECUNDARIO - NOMBRE PERSONAL | |
| Nombre personal | Córdoba, Diego |
| Fechas asociadas con el nombre | editor |
| 9 (RLIN) | 90870 |
| 700 ## - ASIENTO SECUNDARIO - NOMBRE PERSONAL | |
| Nombre personal | Morales Betancourt, Monica |
| 9 (RLIN) | 5946 |
| 942 ## - ELEMENTOS ADICIONALES (KOHA) | |
| Sistema de clasificación | Dewey Decimal Classification |
| Tipo de ítem | Libro |
| Withdrawn status | Lost status | Sistema de Clasificación | Damaged status | No para préstamo | Colección | Ubicación Permanente | Ubicación actual | Fecha de adquisición | Total Checkouts | Número topográfico | Inventario / Código de Barras | Date last seen | Date checked out | Ejemplar | Price effective from | Forma de adquisición | Tipo de material |
|---|---|---|---|---|---|---|---|---|---|---|---|---|---|---|---|---|---|
| Dewey Decimal Classification | Humboldt | Bogotá | Bogotá | 19/04/2018 | 1 | IAVH-578.76 L33a | 042512 | 28/09/2018 | 27/09/2018 | Ej. 1 | 19/04/2018 | Institucional | Libro | ||||
| Dewey Decimal Classification | Humboldt | Bogotá | Bogotá | 19/04/2018 | IAVH-578.76 L33a | 042513 | 19/04/2018 | Ej. 2 | 19/04/2018 | Institucional | Libro | ||||||
| Dewey Decimal Classification | Humboldt | Sala Fabio Quevedo | Sala Fabio Quevedo | 19/04/2018 | 1 | IAVH-578.76 L33a | 042514 | 04/05/2018 | 03/05/2018 | Ej. 3 | 19/04/2018 | Institucional | Libro | ||||
| Dewey Decimal Classification | Humboldt | Villa de Leyva | Villa de Leyva | 19/04/2018 | IAVH-578.76 L33a | 042515 | 19/04/2018 | Ej. 4 | 19/04/2018 | Institucional | Libro |